1441 1309 1980 1942 1316 1012 1094 1281 1299 1009 1992 1047 1205 1416 1015 1997 1454 1153 1397 1679 1307 1684 1684 1427 1451 1462 1932 1564 1822 1775 1226 1293 1077 1113 1542 1187 1483 1251 1837 1150 1114 1730 1121 1182 1273 1780 1729 1179 1521 1280 1085 1913 1339 1736 1843 1463 1497 1003 1486 1562 1142 1259 1415 1677 1733 2000 1425 1387 1076 1941 1007 1878 1597 1123 1065 1844 1027 1079 1542 1379 1714 1092 1290 1905 1602 1287 1249 1114 1045 1930 1924 1319 1876 1393 1155 1693 1150 1009 1264 BCNSPRNW ULIB Ver.6.0+V

เปลี่ยนเป็นภาษาไทย

Change to English
 แสดงรายละเอียดบรรณานุกรม
  กลับหน้าหลัก

Brief Record : Get Marc (ISO 2709) : E-mail record : QR code < ปิดหน้าต่าง
LEADER : 00000nam 2200000uu 4500
001    13399125887
003     ULIB
008    170921s2559||||th 000 0 tha d
020 ^a ^a9789740335092
050 ^a ^aLB2806.15 ช281ก
100 ^a ^aชวลิต ชูกำแพง
245 ^a ^aการวิจัยและพัฒนาหลักสูตร : แนวคิดและกระบวนการ = Curriculum research and development : concept and process
260 ^a ^aกรุงเทพฯ :^bสำนักพิมพ์แห่งจุฬาลงกรณ์มหาวิทยาลัย,^c2559
300 ^a 81 หน้า :^bแผนภาพ, ตาราง ;^c26 ซม.
650 ^a ^aการวางแผนหลักสูตร -- วิจัย
650 ^a ^aการศึกษา -- หลักสูตร -- วิจัย
945    ^p0^l0^i003322
945    ^p0^l0^i003323
999    ^aประนอม เกษจรัล
รายการนี้ยังไม่มีแท็ก
คุณยังไม่ได้ล็อกอิน คุณสามารถมีกิจกรรมร่วมกับเว็บไซต์ได้ แต่ต้องล็อกอินก่อน ::
  ล็อกอิน

รายการสื่อสารสนเทศ

ลำดับที่ ประเภท เลขเรียก/บาร์โค้ด สถานที่ สถานะ
1. วิทยาศาสตร์การแพทย์ และสุขภาพ
หนังสือสำรอง
สถานะ=หนังสือสำรอง
LB2806.15 ช281ก ฉ.1 
  Barcode: 003322
ห้องสมุดวิทยาเขตสวรรค์ประชารักษ์
►หนังสือทั่วไป
บนชั้น
2. วิทยาศาสตร์การแพทย์ และสุขภาพ
วิทยาศาสตร์การแพทย์ และสุขภาพ
LB2806.15 ช281ก ฉ.2 
  Barcode: 003323
ห้องสมุดวิทยาเขตสวรรค์ประชารักษ์
►หนังสือทั่วไป
บนชั้น

รายการใกล้เคียง
    ชื่อเรื่อง [การวิจัยและพัฒนาหลักสูตร : แนวคิดและกระบวนการ = Curriculum research and development : concept and process]

    ผู้แต่ง [ชวลิต ชูกำแพง]

    หัวเรื่อง [การวางแผนหลักสูตร -- วิจัย]
    หัวเรื่อง [การศึกษา -- หลักสูตร -- วิจัย]

BibComment


ยังไม่เคยถูกคอมเมนท์

คอมเมนท์ทรัพยากรรายการนี้
  คอมเมนท์: การวิจัยและพัฒนา..


 Copyright 2026. Bcnsprnw @Library